Communes de la Marne (51) de plus de 10000 habitants - Statistiques

Statistiques générales
  • Ce quiz a été pris 64 fois
  • Le résultat moyen est 4 sur 5
Statistiques - réponses
Habitants Communes % Correct
43218 (préfecture) Châlons-en-Champagne
100%
178478 Reims
100%
22022 Eperney
96%
11349 Vitry-le-François
67%
10662 Tinqueux
52%
Aucun quiz correspondant
Distribution des résultats
% des personnes avec chaque résultat
Percentile par nombre de réponses
Votre historique - résultats
Vous n’avez pas pris ce quiz